000 00745nam a2200241Ia 4500
005 20250508164609.0
008 008 250505s9999 xx 000 0 eng d
020 _a0-335-09710-3
037 _aTextual
040 _aFEDL
_beng
_cFEDL
041 _aeng
_2eng
084 _a378.013, BIN
_qFEDL
100 _aBines Hazel
_9580897
245 0 _aDeveloping professional education
260 _aBuckingham, UK
_bSociety for Research into Higher Education (SRHE) and Open University Press
_c1992
300 _axv,175p.
365 _aGBP
_b15.99
490 _aSOCIETY FOR RESEARCH INTO HIGHER EDUCATION
546 _aMACESE
700 _a Watson David
_9778565
942 _cTEXL
_h378.013, BIN
999 _c1390054
_d1390054